Les noms de la loi.
Gespeichert in:
| 1. Verfasser: | |
|---|---|
| Format: | Buch |
| Veröffentlicht: |
Paris, France:
Presses Universitaires de France,
1991.
|
| Ausgabe: | 1re édition. |
| Schriftenreihe: | Le vois du droit.
|
| Schlagworte: | |
| Tags: |
Tag hinzufügen
Keine Tags, Fügen Sie den ersten Tag hinzu!
|
MARC
| LEADER | 00000nam a22000007a 4500 | ||
|---|---|---|---|
| 003 | CL-VaPUC | ||
| 005 | 20220822114738.0 | ||
| 008 | 220728t1991 ||||| |||| 00| 0 eng d | ||
| 999 | |c 437692 |d 437690 | ||
| 020 | |a 2 13 043575 0 | ||
| 040 | |c Pontificia Universidad Católica de Valparaíso | ||
| 082 | 7 | |a 340.1 TIM 1991 |2 22 | |
| 100 | 1 | |a Timsit, Gérard |e auteur |9 874204 | |
| 245 | 1 | 4 | |a Les noms de la loi. |
| 250 | |a 1re édition. | ||
| 260 | |a Paris, France: |b Presses Universitaires de France, |c 1991. | ||
| 300 | |a 199 páginas. | ||
| 490 | |a Le vois du droit. | ||
| 500 | |a c.1 Donación Familia Prof. Alejandro Guzmán Brito. | ||
| 583 | |c 20220728 |k Cristina María Rojas Aguilar | ||
| 650 | |a Filosofía del derecho |9 874205 | ||
| 650 | |a Ley |x Interpretación |9 873194 | ||
| 942 | |2 ddc |c BK |n 0 | ||
| 952 | |0 0 |1 0 |2 ddc |4 0 |6 340_100000000000000_TIM_1991 |7 0 |8 C_AGB |9 585482 |a BIBDER |b BIBDER |d 2022-07-28 |e Donación |i 5653491 |o 340.1 TIM 1991 |p 5653491 |r 2023-01-25 |t 1 |w 2022-07-28 |y BK_US |k AGB | ||